Normal view MARC view
  • Command of troops

Entry Topical Term

Number of records used in: 1

001 - CONTROL NUMBER

  • control field: 94922

003 - CONTROL NUMBER IDENTIFIER

  • control field: NUST

005 - DATE AND TIME OF LATEST TRANSACTION

  • control field: 20220725142112.0

008 - FIXED-LENGTH DATA ELEMENTS

  • fixed length control field: 220725|| aca||aabn | a|a d

040 ## - CATALOGING SOURCE

  • Original cataloging agency: NUST
  • Transcribing agency: NUST

150 ## - HEADING--TOPICAL TERM

  • Topical term or geographic name entry element: Command of troops
  • Form subdivision: Case studies

670 ## - SOURCE DATA FOUND

  • Source citation: Work cat.: (NUST)0: Roberts, Andrew, 1963- author. 94921, Leadership in war :
© 2023 Central Library, National University of Sciences and Technology. All Rights Reserved.